000 00694nam a2200241Ia 4500
003 OSt
005 20221005031256.0
006 a|||||r|||| 00| 0
007 ta
008 221004b |||||||| |||| 00| 0 eng d
024 _a18373
037 _bGift, 01/06/2015,
_cTextual
040 _aCRL
_cCRL
_beng
041 _2eng
_aeng
082 _aO111,1:gN, G9
100 _aBrooks Cleanth
245 0 _aModern poetry and the tradition
260 _aCarolina
_bUniversity of North carolina Press U.S.A
_c1939
300 _axi, 253p.
_ccm.
650 _aENGLISH LITERATURE
942 _hO111,1:gN, G9
_cTEXL
_2cc
999 _c937494
_d937494